000 00980nam0a22002531 4500
001 rc\45935
005 20021216124835.5
010 _a5-87184-092-2
_95000
035 _a(NLR Aleph) 005326282
090 _a6542702
_c6542702
100 _a20021216d1996 u |0rusy50 ca
101 0 _arus
102 _aRU
105 _ay |||||||||
200 1 _aДетский сад в условиях финансово-экономической и хозяйственной самостоятельности
_e(Пособие для заведующей дет. садом)
_f[Барсукова Л.Я. и др.
_gПод ред. Комаровой Е.С.]
210 _aЗлатоуст
_aЧелябинск
_cЧеляб. Дом печати
_d1996
215 _a179, [1] с.
_d20
320 _aБиблиогр.: с. 81 (5 назв.)
701 1 _aБарсукова
_bЛ. Я.
801 0 _aRU
_bNLR
_gpsbo
801 1 _aRU
_bELAR
_2rusmarc
852 _aNLR
_j97-3/20
942 _cBOOK
980 _aNB